Polskie piosenki lat 70-tych (trudne) - Statystyki

Ogólne statystyki
  • Ten quiz został rozwiązany 184 razy
  • Średni wynik to 8 z 20
Statystyki odpowiedzi
Tytuł utworu: Wykonawca: % Poprawnych
Byle było tak Krzysztof Krawczyk
73%
Moje jedyne marzenie Anna Jantar
68%
Odpływają kawiarenki Irena Jarocka
66%
Dzień jeden w roku Czerwone Gitary
64%
Jednego serca Czesław Niemen
61%
Ludzkie gadanie Maryla Rodowicz
59%
Zegarmistrz światła Tadeusz Woźniak
58%
Czerwone słoneczko 2 plus 1
52%
Czy czuje pani cha che Andrzej Rosiewicz
48%
Do zakochania jeden krok Andrzej Dąbrowski
47%
Bądź gotowy dziś do drogi Halina Frąckowiak
47%
Wymyśliłem Ciebie Andrzej Zaucha
33%
Jak się masz kochanie Happy End
33%
Za zdrowie pań Edward Hulewicz
30%
Weselne dzieci Urszula Sipińska
27%
Podaruj mi trochę słońca Bemibek
22%
Bywają takie dni Alicja Majewska
16%
Noc nad Norwidem Budka Suflera
16%
Masz w oczach nieba dwa Vox
16%
Mechaniczna lalka Violetta Villas
11%
Nie znaleziono quizów pasujących do podanych kryteriów
Rozkład punktacji
Procent ludzi z każdym wynikiem
Percentyl według liczby udzielonych odpowiedzi
Twoja historia wyników
Nie rozwiązałeś tego quizu